Statystyki dla Miasta województwa Kujawsko-Pomorskiego

Kliknij tutaj aby rozwiązać quiz!

Ogólne statystyki

  • Ten quiz został rozwiązany 37 razy
    (9 od ostatniego zresetowania)
  • Średni wynik to 42 z 56

Statystyki odpowiedzi

LudnośćMiasto% Poprawnych
28,429Brodnica
100%
330,038Bydgoszcz
100%
18,326Chełmno
100%
11,443Golub-Dobrzyń
100%
89,450Grudziądz
100%
68,101Inowrocław
100%
8,244Janikowo
100%
17,189Nakło nad Notecią
100%
24,987Świecie
100%
195,690Toruń
100%
102,102Włocławek
100%
13,187Żnin
100%
11,536Aleksandrów Kujawski
83%
13,827Chełmża
83%
10,266Ciechocinek
83%
10,774Koronowo
83%
5,477Nowe
83%
2,711Pruszcz
83%
15,514Rypin
83%
15,343Solec Kujawski
83%
13,049Wąbrzeźno
83%
7,045Barcin
67%
1,712Chodecz
67%
1,983Dobrzyń nad Wisłą
67%
1,406Gąsawa
67%
6,722Gniewkowo
67%
1,388Górzno
67%
2,461Izbica Kujawska
67%
3,657Jabłonowo Pomorskie
67%
3,725Janowiec Wielkopolski
67%
2,338Kamień Krajeński
67%
1,994Kikół
67%
3,298Kowal
67%
4,072Kowalewo Pomorskie
67%
9,161Kruszwica
67%
4,419Łabiszyn
67%
3,080Łasin
67%
13,479Lipno
67%
1,332Lubień Kujawski
67%
2,741Lubraniec
67%
11,128Mogilno
67%
4,163Mrocza
67%
1,743Nieszawa
67%
5,174Pakość
67%
4,236Piotrków Kujawski
67%
8,824Sępólno Krajeńskie
67%
3,445Skępe
67%
5,267Strzelno
67%
13,134Tuchola
67%
5,723Więcbork
67%
1,104Bobrowniki
50%
4,550Brześć Kujawski
50%
4,252Kcynia
50%
5,127Radziejów
50%
1,784Radzyń Chełmiński
50%
9,424Szubin
50%

Rozkład punktacji

Percentyl według liczby udzielonych odpowiedzi

Procent ludzi z każdym wynikiem

Twoja historia wyników

Nie rozwiązałeś tego quizu od ostatniego zresetowania